Southville International School and Colleges
Your cart is empty.
  • Cart
  • Lists
    Public lists Eva Luna New books Lux_list list_1
    Your lists Log in to create your own lists
  • Log in to your account
  • Your cookies
  • Search history
Southville International School and Colleges
  • Advanced search
  • Recent comments
  • Most popular
  • Libraries

Log in to your account

Log in with GOOGLE


If you do not have an external account, but do have a local account, you can still log in:

  1. Home
  2. MARC view: Radiology at a glance /
Normal view MARC view ISBD view

Radiology at a glance / (Record no. 14015)

[ view plain ]
MARC details
000 -LEADER
fixed length control field 01390cam a22003978a 4500
001 - CONTROL NUMBER
control field 15882926
003 - CONTROL NUMBER IDENTIFIER
control field OSt
005 - DATE AND TIME OF LATEST TRANSACTION
control field 20140310182521.0
008 - FIXED-LENGTH DATA ELEMENTS--GENERAL INFORMATION
fixed length control field 090825s2010 enk 001 0 eng
010 ## - LIBRARY OF CONGRESS CONTROL NUMBER
LC control number 2009035145
020 ## - INTERNATIONAL STANDARD BOOK NUMBER
International Standard Book Number 9781405192200
035 ## - SYSTEM CONTROL NUMBER
System control number (DNLM)101513882
040 ## - CATALOGING SOURCE
Original cataloging agency DNLM/DLC
Transcribing agency DLC
Modifying agency DLC
042 ## - AUTHENTICATION CODE
Authentication code pcc
050 00 - LIBRARY OF CONGRESS CALL NUMBER
Classification number R 896.5
Item number .R33 2010
060 10 - NATIONAL LIBRARY OF MEDICINE CALL NUMBER
Classification number WN 180
Item number R12885 2010
082 00 - DEWEY DECIMAL CLASSIFICATION NUMBER
Classification number 616.07/54
100 ## - MAIN ENTRY--PERSONAL NAME
Personal name Rajat Chowdhury
9 (RLIN) 9332
245 00 - TITLE STATEMENT
Title Radiology at a glance /
Statement of responsibility, etc Rajat Chowdhury ... [et al.].
260 ## - PUBLICATION, DISTRIBUTION, ETC. (IMPRINT)
Place of publication, distribution, etc Chichester, West Sussex ;
-- Hoboken, NJ :
Name of publisher, distributor, etc John Wiley,
Date of publication, distribution, etc 2010.
263 ## - PROJECTED PUBLICATION DATE
Projected publication date 1003
300 ## - PHYSICAL DESCRIPTION
Extent p. ;
Dimensions cm.
490 1# - SERIES STATEMENT
Series statement At a glance series
500 ## - GENERAL NOTE
General note Includes index.
650 #0 - SUBJECT ADDED ENTRY--TOPICAL TERM
Topical term or geographic name as entry element Radiology, Medical
Form subdivision Outlines, syllabi, etc.
9 (RLIN) 9333
650 12 - SUBJECT ADDED ENTRY--TOPICAL TERM
Topical term or geographic name as entry element Diagnostic Imaging.
9 (RLIN) 8008
700 1# - ADDED ENTRY--PERSONAL NAME
Personal name Chowdhury, Rajat.
9 (RLIN) 9334
830 #0 - SERIES ADDED ENTRY--UNIFORM TITLE
Uniform title At a glance series (Oxford, England)
9 (RLIN) 9335
856 42 - ELECTRONIC LOCATION AND ACCESS
Materials specified Contributor biographical information
Uniform Resource Identifier <a href="http://www.loc.gov/catdir/enhancements/fy1008/2009035145-b.html">http://www.loc.gov/catdir/enhancements/fy1008/2009035145-b.html</a>
856 42 - ELECTRONIC LOCATION AND ACCESS
Materials specified Publisher description
Uniform Resource Identifier <a href="http://www.loc.gov/catdir/enhancements/fy1008/2009035145-d.html">http://www.loc.gov/catdir/enhancements/fy1008/2009035145-d.html</a>
856 41 - ELECTRONIC LOCATION AND ACCESS
Materials specified Table of contents only
Uniform Resource Identifier <a href="http://www.loc.gov/catdir/enhancements/fy1008/2009035145-t.html">http://www.loc.gov/catdir/enhancements/fy1008/2009035145-t.html</a>
906 ## - LOCAL DATA ELEMENT F, LDF (RLIN)
a 7
b rix
c orignew
d 1
e ecip
f 20
g y-gencatlg
942 ## - ADDED ENTRY ELEMENTS (KOHA)
Source of classification or shelving scheme Library of Congress Classification
Koha item type
Holdings
Withdrawn status Lost status Source of classification or shelving scheme Damaged status Home library Current library Shelving location Date acquired Total Checkouts Full call number Barcode Date last seen Copy number Price effective from Koha item type
    Library of Congress Classification   South SEED-LPDH College Library South SEED-LPDH College Library South SEED-LPDH College Section 08/10/2013   R 896.5 .R33 2010 SSLC0096 05/15/2018 1 08/10/2013 Books

Radiology at a glance /

APA

Rajat Chowdhury, Chowdhury R., . (2010). Radiology at a glance. Chichester, West Sussex: John Wiley.

Chicago

Rajat Chowdhury, Chowdhury Rajat, . 2010. Radiology at a glance. Chichester, West Sussex: John Wiley.

Harvard

Rajat Chowdhury, Chowdhury R., . (2010). Radiology at a glance. Chichester, West Sussex: John Wiley.

MLA

Rajat Chowdhury, Chowdhury Rajat, . Radiology at a glance. Chichester, West Sussex: John Wiley. 2010.

  • Place hold
  • Print
  • Cite
  • Add to your cart (remove)
  • Save record
    BIBTEX Dublin Core MARCXML MARC (non-Unicode/MARC-8) MARC (Unicode/UTF-8) MARC (Unicode/UTF-8, Standard) MODS (XML) RIS
  • More searches
    Search for this title in:
    Other Libraries (WorldCat) Other Databases (Google Scholar) Online Stores (Bookfinder.com) Open Library (openlibrary.org)

Exporting to Dublin Core...

SOUTHVILLE LIBRARY

Southville International School and Colleges Library

1281 Tropical Ave. Cor. Luxembourg St., BF Homes International, Las Pinas City

Tel. No. 8256374 / 252358 Loc. 117/146

Powered by Koha